LEADER 00843nam0-2200313---450- 001 990009896970403321 005 20150421102357.0 035 $a000989697 035 $aFED01000989697 035 $a(Aleph)000989697FED01 035 $a000989697 100 $a20140922d1978----km-y0itay50------ba 101 0 $aita 102 $aIT 105 $ay-------001yy 200 1 $aAnziani nella società$fLino Baracco 210 $aBrescia$cLa scuola$d1978 215 $a160 p.$d19 cm 225 1 $aPartecipare oggi$v2 610 0 $aAnziani$aComunità civile e cristiana 676 $a301.435 700 1$aBaracco,$bLino$0329799 801 0$aIT$bUNINA$gRICA$2UNIMARC 901 $aBK 912 $a990009896970403321 952 $a301.43 BAR 1$bBRAU 2015/103$fFLFBC 959 $aFLFBC 996 $aAnziani nella società$9829231 997 $aUNINA LEADER 01359cam--2200397---450- 001 990000502410203316 005 20110301092417.0 010 $a88-14-08596-X 035 $a0050241 035 $aUSA010050241 035 $a(ALEPH)000050241USA01 035 $a0050241 100 $a20010611d2001----km-y0itay0103----ba 101 $aita 102 $aIT 105 $a||||||||001yy 200 1 $aGrafologia giudiziaria e psicopatologia forense$emetodologia di indagine nel falso grafico e la capacità di intendere e di volere dalla grafia$egiurisprudenza$fVincenzo Mastronardi, Sante A.Bidoli, Monica Calderaro 210 $aMilano$cA.Giuffré$dcopyr.2001 215 $aXI, 238 p.$d24 cm 606 0 $aPerizie grafiche 606 0 $aPsichiatria forense 676 $a363.2565 700 1$aMASTRONARDI,$bVincenzo$0526433 701 1$aBIDOLI,$bSante A.$0545787 701 1$aCALDERARO,$bMonica$0545788 912 $a990000502410203316 951 $aXXVI.1.E. 157$b28358 G.$cXXVI.1.E.$d00071103 959 $aBK 969 $aGIU 979 $aPAOLA$b40$c20010611$lUSA01$h1324 979 $c20020403$lUSA01$h1659 979 $aPATRY$b90$c20040406$lUSA01$h1635 979 $aRSIAV5$b90$c20090519$lUSA01$h1424 979 $aFIORELLA$b90$c20110301$lUSA01$h0924 996 $aGrafologia giudiziaria e psicopatologia forense$9887328 997 $aUNISA